রোড টু সাকসেস / (Record no. 14112)
[ view plain ]
| 000 -LEADER | |
|---|---|
| fixed length control field | 00786nam a2200253 a 4500 |
| 001 - CONTROL NUMBER | |
| JCCL Control Number | 14112 |
| 003 - CONTROL NUMBER IDENTIFIER | |
| JCCL marc code | BD-JhCC |
| 005 - DATE AND TIME OF LATEST TRANSACTION | |
| control field | 20241211102524.0 |
| 008 - FIXED-LENGTH DATA ELEMENTS--GENERAL INFORMATION | |
| fixed length control field | 220216s2021 bg |||| |||| 000 0 ban d |
| 020 ## - INTERNATIONAL STANDARD BOOK NUMBER | |
| International Standard Book Number | 9789848004029 |
| 035 ## - SYSTEM CONTROL NUMBER | |
| system control number | (BD-JhCC)14112 |
| 040 ## - CATALOGING SOURCE | |
| Original cataloging agency | BD-JhCC |
| Modifying agency | BD-JhCC |
| 041 ## - LANGUAGE CODE | |
| Language code of Book | bangali |
| 082 ## - DEWEY DECIMAL CLASSIFICATION NUMBER | |
| Classification number | 650.1 |
| Author mark and Year | HIL 2021 |
| 100 ## - MAIN ENTRY--PERSONAL NAME | |
| Personal name | হিল, নেপোলিয়ন |
| 245 ## - TITLE STATEMENT | |
| Title | রোড টু সাকসেস / |
| Statement of responsibility, etc | নেপোলিয়ন হিল, অনু: ইফতেখার আমিন। |
| 260 ## - PUBLICATION, DISTRIBUTION, ETC. (IMPRINT) | |
| Place of publication, distribution, etc | ঢাকা : |
| Name of publisher, distributor, etc | অনুভূতি; |
| Date of publication, distribution, etc | ২০২১. |
| 300 ## - PHYSICAL DESCRIPTION | |
| Pagination | 172 p. : |
| Dimensions | 21 cm. |
| 650 ## - SUBJECT ADDED ENTRY--TOPICAL TERM | |
| Topical term or geographic name as entry element | Success in business. |
| 650 ## - SUBJECT ADDED ENTRY--TOPICAL TERM | |
| Topical term or geographic name as entry element | Success. |
| 700 ## - ADDED ENTRY--PERSONAL NAME | |
| Personal name | আমিন,ইফতেখার |
| 942 ## - ADDED ENTRY ELEMENTS (KOHA) | |
| Source of classification or shelving scheme | Dewey Decimal Classification |
| Koha item type | Books |
| Koha issues (borrowed), all copies | 2 |
| Source of classification or shelving scheme | Damaged status | Not for loan | Home library | Current library | Shelving location | Date of accession | Source of acquisition | Cost, normal purchase price | Total Checkouts | Full call number | Barcode | Date last seen | Copy number | Method of acquisition | Koha item type | Currency |
|---|---|---|---|---|---|---|---|---|---|---|---|---|---|---|---|---|
| Dewey Decimal Classification | JCC Rouf Library | JCC Rouf Library | General Stacks | With the compliments of Maj (Retd) Syed Sakhawat Hussain,07/0388/K | 250.00 | 650.1 HIL 2021 | 19802 | 12/11/2024 | C-1 | Gift/Donation | Books | BDT |